[Event "Boris Gelfand"]
[Site "SchemingMind.com"]
[Date "2011.09.21"]
[Round "-"]
[White "Yellow"]
[Black "zeus"]
[Result "1/2-1/2"]
[WhiteCountry "INT"]
[BlackCountry "HUN"]
[WhiteElo "2340"]
[WhiteRD "63"]
[BlackElo "2376"]
[BlackRD "74"]
[GameID "293500"]

1. Nf3 Nf6 2. d4 d5 3. Bg5 e6 4. c4 Be7 5. Nc3 O-O 6. e3 Nc6 7. cxd5 exd5 8. Bd3 Nb4 9. Bb1 Ne4 10. Bxe7 Qxe7
11. a3 Nxc3 12. bxc3 Nc6 13. Qd3 g6 14. O-O Be6 15. Ba2 Rfd8 16. c4 Bf5 17. Qc3 dxc4 18. Bxc4 Rac8 19. Nd2 Be6 20. Rfb1 Bxc4
21. Qxc4 Qe8 22. Qb5 b6 23. Qa6 Ne7= 24. Qxa7 Nd5 25. Qa6 c5 26. dxc5 Rxc5 27. Nf3 b5 28. Rb3 Nc3 29. Nd4 Qe5 30. Rb2 Rdd5
31. Rc2 Rc4 32. Qa5 Rdc5 33. Qa8+ Kg7 34. Qf3 Ra4 35. Rcc1 Qe7 36. Re1 Kg8 37. h3 Rc8 38. Nc2 Rac4=
1/2-1/2

[Event "Boris Gelfand"]
[Site "SchemingMind.com"]
[Date "2011.09.21"]
[Round "-"]
[White "zeus"]
[Black "Yellow"]
[Result "1-0"]
[WhiteCountry "HUN"]
[BlackCountry "INT"]
[WhiteElo "2376"]
[WhiteRD "74"]
[BlackElo "2340"]
[BlackRD "63"]
[GameID "293505"]

1. e4 e5 2. Nf3 Nc6 3. Bb5 a6 4. Ba4 Nf6 5. O-O Nxe4 6. Re1 Nc5 7. Bxc6 dxc6 8. Nxe5 Be7 9. d4 Ne6 10. Be3 O-O
11. c4 Bd6 12. Nf3 f5 13. c5 Be7 14. Nc3 Kh8 15. h3 f4 16. Bd2 Bf6 17. Ne4 Bxd4 18. Qc2 Qd5 19. Rad1 Qf5 20. Qc1 Be5
21. Ba5 Bf6 22. Nxf6 Qxf6 23. Re5 Qg6 24. Qc4 Re8= 25. b3 Rb8 26. Rde1 b6 27. cxb6 cxb6 28. Bc3 Bd7 29. R5e4 Qf5 30. Nd4 Nxd4
31. Qxd4 Qf7 32. Qd6 Rxe4 33. Rxe4 Re8 34. Rxf4 Bf5 35. Rf3 Qe6 36. Qd4 Rg8 37. Qxb6 Qd7 38. Qxa6 Be4 39. Re3 Bg6 40. a4 Bf7
41. Qb6 h5 42. a5 Kh7 43. b4 Ra8 44. a6 Qd1+ 45. Kh2 Qd7 46. Rg3 g6 47. b5 Bd5 48. Qc5 cxb5 49. Rd3 Rc8 50. Rxd5
1-0

[Event "Boris Gelfand"]
[Site "SchemingMind.com"]
[Date "2011.09.27"]
[Round "-"]
[White "Uzi Mike"]
[Black "John Hamer"]
[Result "1-0"]
[WhiteCountry "USA"]
[BlackCountry "ENG"]
[WhiteElo "2298"]
[WhiteRD "71"]
[BlackElo "1960"]
[BlackRD "67"]
[GameID "293697"]

1. e4 c6 2. d4 d5 3. e5 Bf5 4. Nf3 e6 5. Be2 Nd7 6. O-O Ne7 7. Nh4 Bg6 8. Nd2 Nf5 9. Nxg6 hxg6 10. Nf3 Be7
11. c3 a6 12. a4 c5 13. Bd2 Qb6 14. a5 Qxb2 15. Rb1 Qa3 16. Rxb7 Qxa5 17. Qa1 Qd8 18. Qa4 Qc8 19. Rfb1 c4 20. Bg5 f6
21. Bf4 g5 22. g4 Nh4 23. Nxh4 gxf4 24. Ng6 Rh6 25. Nxe7 Kxe7 26. Qa3+ Ke8 27. Qd6 fxe5 28. g5 Rg6 29. Bh5
1-0

[Event "Boris Gelfand"]
[Site "SchemingMind.com"]
[Date "2011.09.27"]
[Round "-"]
[White "John Hamer"]
[Black "Uzi Mike"]
[Result "0-1"]
[WhiteCountry "ENG"]
[BlackCountry "USA"]
[WhiteElo "1964"]
[WhiteRD "65"]
[BlackElo "2308"]
[BlackRD "71"]
[GameID "293704"]

1. e4 e6 2. d4 d5 3. Nc3 Nf6 4. e5 Nfd7 5. f4 c5 6. Nf3 Nc6 7. Bd3 Nxd4 8. Nxd4 cxd4 9. Ne2 Bc5 10. O-O O-O
11. Ng3 a5 12. Qh5 f5 13. Rf3 Nb8 14. Ne2 Qe8 15. Qh4 Nc6 16. Rh3 Qg6 17. Rg3 Be7 18. Qh3 Qf7 19. Bd2 Bd7 20. a3 Rfb8
21. a4 Rc8 22. Be1 Nb4 23. Nxd4 Bc5 24. c3 Nxd3 25. Rxd3 b5 26. axb5 Bxb5 27. Rdd1 a4 28. Bf2 Bc4 29. Rd2= Qd7 30. Nc2 Bf8
31. Qf3 Rcb8 32. Ne3 Bb3 33. c4 d4 34. Nc2 Bxc2 35. Rxc2 Ra6 36. c5= Rb3 37. Qd1= d3 38. Rd2 Qb5 39. Ra3 Rxb2 40. Rxb2 Qxb2
41. Rxd3 h6 42. Rd2 a3 43. Rc2= Ra5 44. h3 Qxc2 45. Qxc2 a2 46. Bd4 Bxc5 47. Bxc5 a1=Q+ 48. Kh2 Qa4 49. Qf2 Qc4 50. Be3 Kf7
51. Qf3 Ra3 52. Qb7+ Kg6 53. Bd2 Ra2 54. Qd7 Rb2 55. Bc1 Rc2
0-1

[Event "Boris Gelfand"]
[Site "SchemingMind.com"]
[Date "2011.10.08"]
[Round "-"]
[White "pnwmusichound"]
[Black "ramesse"]
[Result "0-1"]
[WhiteCountry "USA"]
[BlackCountry "SVK"]
[WhiteElo "1899"]
[WhiteRD "95"]
[BlackElo "2282"]
[BlackRD "64"]
[GameID "294719"]

1. Nf3 Nf6 2. c4 e6 3. g3 d5 4. Bg2 Be7 5. O-O O-O 6. d4 dxc4 7. Qc2 a6 8. Qxc4 b5 9. Qc2 Bb7 10. Bf4 Nc6
11. Rd1 Nb4 12. Qc1 Rc8 13. Nc3 Nbd5 14. Nxd5 Nxd5 15. e4 Nxf4 16. Qxf4 f5 17. exf5 Rxf5 18. Qe3 Bd5 19. a4 bxa4 20. Rxa4 Qd7
21. Rxa6 Rcf8 22. Ne5 Rxf2 23. Bf1 Qe8 24. Nd3 R2f3 25. Qc1 Qh5 26. Bg2 Bg5 27. Qxc7 Be3+ 28. Kh1 Rf1+
0-1

[Event "Boris Gelfand"]
[Site "SchemingMind.com"]
[Date "2011.10.08"]
[Round "-"]
[White "ramesse"]
[Black "pnwmusichound"]
[Result "1-0"]
[WhiteCountry "SVK"]
[BlackCountry "USA"]
[WhiteElo "2282"]
[WhiteRD "64"]
[BlackElo "1899"]
[BlackRD "95"]
[GameID "294722"]

1. e4 e5 2. Nf3 Nf6 3. Nxe5 d6 4. Nf3 Nxe4 5. d4 d5 6. Bd3 Bd6 7. O-O O-O 8. c4 c6 9. cxd5 cxd5 10. Nc3 Nxc3
11. bxc3 Bg4 12. h3 Bh5 13. Rb1 Nd7 14. Rxb7 Nb6 15. Ba6 Qe8 16. Bd2 Qc6 17. Ne5 Bxe5 18. Qxh5 Bf6 19. Rb1 Nc4 20. Bxc4 Qxc4
21. R1b2 a5 22. R7b5 Rfd8 23. Rc5 Qd3 24. Rxd5 g6 25. Rxd8+ Bxd8 26. Qe5 g5 27. Rb7 Qc4 28. Rd7 Qxa2 29. Rxd8+ Rxd8 30. Qxg5+ Kf8
31. Qxd8+ Kg7 32. Bh6+ Kxh6 33. Qf6+
1-0

[Event "Boris Gelfand"]
[Site "SchemingMind.com"]
[Date "2011.10.19"]
[Round "-"]
[White "elFLP"]
[Black "docjan"]
[Result "0-1"]
[WhiteCountry "URU"]
[BlackCountry "SWE"]
[WhiteElo "1924"]
[WhiteRD "87"]
[BlackElo "2342"]
[BlackRD "55"]
[GameID "295248"]

1. e4 e5 2. Nf3 Nf6 3. Nxe5 d6 4. Nf3 Nxe4 5. d4 d5 6. Bd3 Be7 7. O-O Nc6 8. Re1 O-O 9. Bxe4 dxe4 10. Rxe4 Bf5
11. Re1 Nb4 12. Na3 Re8 13. Bd2 a5 14. Bxb4 axb4 15. Nc4 c6 16. c3 bxc3 17. bxc3 Be6 18. Qd3 g6 19. a4 Bf8 20. Ne3 Bg7
21. Reb1 Re7 22. Ng5 Bc8 23. Nf3 Be6 24. Ng5 Bc8 25. Nf3 b6 26. Re1 Rea7 27. Qc2 b5 28. Ne5 Bxe5 29. dxe5 Rxa4
0-1

[Event "Boris Gelfand"]
[Site "SchemingMind.com"]
[Date "2011.10.19"]
[Round "-"]
[White "docjan"]
[Black "elFLP"]
[Result "1-0"]
[WhiteCountry "SWE"]
[BlackCountry "URU"]
[WhiteElo "2342"]
[WhiteRD "55"]
[BlackElo "1924"]
[BlackRD "87"]
[GameID "295249"]

1. d4 d5 2. c4 e6 3. Nc3 c6 4. Nf3 dxc4 5. e4 b5 6. Be2 Bb7 7. O-O Nf6 8. Qc2 Be7 9. e5 Nd5 10. b3 cxb3
11. axb3 a6 12. Ne4 Nd7 13. Bg5 O-O 14. Bxe7 Qxe7 15. Nd6 N7b6 16. Qd2 Nc8 17. Ne4 Ncb6 18. Rfc1 Nb4 19. Nd6 N6d5 20. Ng5 Bc8
21. Bh5 g6 22. Bf3 Bd7 23. Nge4 f5 24. exf6 Nxf6 25. Nxf6+ Rxf6 26. Qxb4 Raf8 27. Qc5 Rf4 28. Rxa6 Qf6 29. Ra7 Rxd4 30. Rxd7 Qf4
31. g3 Qd2 32. Qe5
1-0

[Event "Boris Gelfand"]
[Site "SchemingMind.com"]
[Date "2011.11.17"]
[Round "-"]
[White "harmy"]
[Black "zeus"]
[Result "0-1"]
[WhiteCountry "USA"]
[BlackCountry "HUN"]
[WhiteElo "1954"]
[WhiteRD "113"]
[BlackElo "2397"]
[BlackRD "75"]
[GameID "297115"]

1. d4 d5 2. c4 e6 3. Nc3 Nf6 4. Nf3 Be7 5. e3 O-O 6. Bd3 dxc4 7. Bxc4 a6 8. a4 c5 9. O-O Nc6 10. Qd3 Qc7
11. Qe2 Bd7 12. Rd1 Rad8 13. d5 exd5 14. Nxd5 Nxd5 15. Bxd5 Nb4 16. e4 h6 17. Bd2 Nxd5 18. exd5 Rfe8 19. Bc3 Bf8 20. Qc4 Bf5
21. Nd4 Qf4 22. g3 Qe4 23. Re1 Qd3 24. Qxd3 Bxd3 25. Nf3 Rxe1+ 26. Rxe1 Bc4 27. Ba5 Rd6 28. Nh4 Rxd5 29. Re8 Bb3 30. Rb8 Rd1+
31. Kg2 Bxa4 32. b4 Bc6+ 33. f3 Rd5 34. g4 c4 35. Nf5 c3 36. b5 c2 37. bxc6 c1=Q 38. c7 Rxa5 39. c8=Q Ra2+ 40. Kg3 Qg1+
41. Kf4 Ra4+ 42. Ke5 Qe1+
0-1

[Event "Boris Gelfand"]
[Site "SchemingMind.com"]
[Date "2011.11.17"]
[Round "-"]
[White "zeus"]
[Black "harmy"]
[Result "1-0"]
[WhiteCountry "HUN"]
[BlackCountry "USA"]
[WhiteElo "2397"]
[WhiteRD "75"]
[BlackElo "1954"]
[BlackRD "113"]
[GameID "297118"]

1. e4 e5 2. Nf3 Nc6 3. Bc4 Bc5 4. b4 Bxb4 5. c3 Bc5 6. O-O d6 7. d4 exd4 8. cxd4 Bb6 9. Nc3 Na5 10. Bd3 Bg4
11. Nd5 Bxf3 12. Qxf3 Bxd4 13. Rb1 c6 14. Qd1 Nf6 15. Qa4 Bb6 16. Bg5 h6 17. Nxf6+ gxf6 18. Bd2 Rb8 19. Rfd1 Qc7 20. Bc3 h5
21. Bxf6 Rh6 22. e5 d5 23. Qh4 Bc5 24. Qg5 Bf8 25. Re1 c5 26. e6 Qd6 27. Bb5+ Nc6 28. Bxc6+ bxc6 29. e7
1-0

[Event "Boris Gelfand"]
[Site "SchemingMind.com"]
[Date "2011.11.21"]
[Round "-"]
[White "mmccaffe"]
[Black "Olli Ylönen"]
[Result "1/2-1/2"]
[WhiteCountry "USA"]
[BlackCountry "FIN"]
[WhiteElo "1671"]
[WhiteRD "58"]
[BlackElo "1768"]
[BlackRD "52"]
[GameID "297275"]

1. e4 e5 2. Nf3 Nc6 3. Bb5 f5 4. d3 fxe4 5. dxe4 Nf6 6. O-O Bc5 7. Nc3 O-O 8. h3 Nd4 9. Nxd4 Bxd4 10. Bg5 Kh8
11. Nd5 c6 12. c3 Bxf2+ 13. Rxf2 cxd5 14. exd5 Qb6 15. Qe2 d6 16. Kh1 Bd7 17. Bxd7 Nxd7 18. Raf1 Rxf2 19. Qxf2 Qxf2 20. Rxf2 Nb6
21. Rd2 Re8 22. b3 h6 23. Be3 Nc8 24. Rf2 Kg8 25. c4 a6 26. Kg1 Rf8 27. Rxf8+ Kxf8 28. Kf2 Ke7 29. Kf3 Kf6 30. Ke4 g5=
1/2-1/2

[Event "Boris Gelfand"]
[Site "SchemingMind.com"]
[Date "2011.12.28"]
[Round "-"]
[White "Uzi Mike"]
[Black "Olli Ylönen"]
[Result "1-0"]
[WhiteCountry "USA"]
[BlackCountry "FIN"]
[WhiteElo "2284"]
[WhiteRD "80"]
[BlackElo "1819"]
[BlackRD "52"]
[GameID "299656"]

1. e4 e5 2. f4 exf4 3. Nf3 g5 4. h4 g4 5. Ne5 Nf6 6. Bc4 d5 7. exd5 Bd6 8. d4 Nh5 9. O-O O-O 10. Rxf4 Qxh4
11. Rxg4+ Bxg4 12. Qxg4+ Qxg4 13. Nxg4 Kh8 14. Nc3 Nd7 15. Nb5 Ndf6 16. Nxf6 Nxf6 17. Nxd6 cxd6 18. Bf4 Rad8 19. Bg5 Kg7 20. Rf1 Ne4
21. Bxd8 Rxd8 22. Bd3 Nf6 23. c4 b6 24. Re1 Re8 25. Rxe8 Nxe8 26. b4 Nc7 27. Be4 h6 28. Kf2 Kf6 29. Ke3 Ke7 30. Kf4 Ne8
31. c5 dxc5 32. dxc5 bxc5 33. bxc5 Nf6 34. Ke5 Nd7+ 35. Kd4 Nb8 36. d6+ Kd7 37. Bb7 Nc6+ 38. Bxc6+ Kxc6 39. g4 f6 40. a4
1-0

[Event "Boris Gelfand"]
[Site "SchemingMind.com"]
[Date "2011.12.28"]
[Round "-"]
[White "Olli Ylönen"]
[Black "Uzi Mike"]
[Result "0-1"]
[WhiteCountry "FIN"]
[BlackCountry "USA"]
[WhiteElo "1843"]
[WhiteRD "55"]
[BlackElo "2262"]
[BlackRD "74"]
[GameID "299660"]

1. e4 c5 2. Nf3 a6 3. d4 cxd4 4. Nxd4 Nf6 5. Nc3 e5 6. Nf3 Bb4 7. Bc4 d6 8. O-O Bxc3 9. bxc3 Qc7 10. Qd3 Nbd7
11. Ba3 Nc5 12. Bxc5 Qxc5 13. Rad1 Bg4 14. Qxd6 Qxc4 15. Nxe5 Qe6 16. Nxg4 Qxd6 17. Rxd6 Nxg4 18. Rfd1 Rb8 19. e5 O-O 20. R6d5 Rfe8
21. g3 Nxe5 22. f4 Nf3+ 23. Kg2 Ne1+ 24. Kh1 Nxc2 25. R5d3 b5 26. Rd6 Ne3 27. R1d3 Ra8 28. Kg1 Nc4 29. R6d5 Nb2 30. Rd2 Na4
31. R2d3 Rac8
0-1

[Event "Boris Gelfand"]
[Site "SchemingMind.com"]
[Date "2012.01.05"]
[Round "-"]
[White "zeus"]
[Black "ramesse"]
[Result "1/2-1/2"]
[WhiteCountry "HUN"]
[BlackCountry "SVK"]
[WhiteElo "2428"]
[WhiteRD "84"]
[BlackElo "2344"]
[BlackRD "65"]
[GameID "300592"]

1. e4 e5 2. Nf3 Nc6 3. Bb5 a6 4. Ba4 Nf6 5. O-O Be7 6. Re1 b5 7. Bb3 O-O 8. c3 d6 9. d4 Bg4 10. Be3 exd4
11. cxd4 d5 12. e5 Ne4 13. Nc3 Nxc3 14. bxc3 Na5 15. Bc2 Nc4 16. h3 Bh5 17. g4 Bg6 18. Bxg6 fxg6 19. Rb1= Qe8 20. Nd2 Na3
21. Rb3 Qc6 22. Qc1 Nc4 23. Qd1 Rad8 24. Nxc4 dxc4 25. Rb2 Rf3 26. d5 Qxd5 27. Rd2 Qa8 28. Rxd8+ Bxd8 29. Qd7=
1/2-1/2

[Event "Boris Gelfand"]
[Site "SchemingMind.com"]
[Date "2012.01.05"]
[Round "-"]
[White "ramesse"]
[Black "zeus"]
[Result "0-1"]
[WhiteCountry "SVK"]
[BlackCountry "HUN"]
[WhiteElo "2344"]
[WhiteRD "65"]
[BlackElo "2428"]
[BlackRD "84"]
[GameID "300597"]

1. e4 c5 2. Nf3 d6 3. d4 cxd4 4. Nxd4 Nf6 5. Nc3 a6 6. Be3 e6 7. f3 b5 8. Qd2 Nbd7 9. g4 h6 10. O-O-O b4
11. Nce2 Qc7 12. h4 d5 13. exd5 Nxd5 14. Nf4 N7b6 15. Nxd5 Nxd5 16. Bd3 Bb7 17. Rhe1 Be7 18. Bf2 O-O 19. Kb1 Rfb8 20. Ka1 a5
21. g5 hxg5 22. Rg1 a4 23. Bg3 Qb6 24. Bxb8 a3 25. Rb1 Rxb8 26. hxg5 axb2+ 27. Rxb2 g6 28. Be4 Bc5 29. Rd1 Rd8 30. Ne2 Ba6
31. Nc1 Bc4 32. f4 Qa7 33. Nb3 Bf8 34. Bxd5 Rxd5 35. Qc1 Bg7 36. Rxd5 Bxd5 37. Kb1 Qc7 38. Ka1 Qc3 39. Kb1 e5
0-1

[Event "Boris Gelfand"]
[Site "SchemingMind.com"]
[Date "2012.01.13"]
[Round "-"]
[White "otsenrechess"]
[Black "docjan"]
[Result "0-1"]
[WhiteCountry "HUN"]
[BlackCountry "SWE"]
[WhiteElo "1784"]
[WhiteRD "50"]
[BlackElo "2378"]
[BlackRD "59"]
[GameID "301166"]

1. e4 e5 2. Nf3 Nc6 3. Bb5 a6 4. Ba4 Nf6 5. O-O Be7 6. Re1 b5 7. Bb3 O-O 8. c3 d6 9. h3 Na5 10. Bc2 c5
11. d4 Qc7 12. Nbd2 Bd7 13. Nf1 Rfe8 14. Ne3 Bf8 15. dxe5 dxe5
0-1

[Event "Boris Gelfand"]
[Site "SchemingMind.com"]
[Date "2012.01.13"]
[Round "-"]
[White "docjan"]
[Black "otsenrechess"]
[Result "1-0"]
[WhiteCountry "SWE"]
[BlackCountry "HUN"]
[WhiteElo "2378"]
[WhiteRD "59"]
[BlackElo "1784"]
[BlackRD "50"]
[GameID "301175"]

1. d4 Nf6 2. c4 e6 3. Nf3 d5 4. Bg5 Be7 5. e3 Nbd7 6. Nc3 O-O 7. cxd5 exd5 8. Bd3 c6 9. Qc2 Re8 10. O-O Nf8
11. h3 g6 12. Ne5 N6d7 13. Bxe7 Qxe7 14. Nf3
1-0

[Event "Boris Gelfand"]
[Site "SchemingMind.com"]
[Date "2012.06.07"]
[Round "-"]
[White "docjan"]
[Black "Uzi Mike"]
[Result "1/2-1/2"]
[WhiteCountry "SWE"]
[BlackCountry "USA"]
[WhiteElo "2303"]
[WhiteRD "72"]
[BlackElo "2370"]
[BlackRD "82"]
[GameID "311657"]

1. e4 e5 2. Nf3 Nf6 3. Nxe5 d6 4. Nf3 Nxe4 5. d4 d5 6. Bd3 Bd6 7. O-O O-O 8. c4 c6 9. Re1 Bf5 10. Qc2 Nd7
11. Nc3 Ndf6 12. Ne5 Be6 13. c5 Nxc3 14. Qxc3 Bc7 15. Bg5 h6 16. Bh4 g5 17. Bg3 Re8 18. h3 Nh5 19. Bc2 Nxg3 20. Qxg3 Qf6
21. Qd3 Re7 22. Re3 Qg7 23. b4 Rae8 24. b5 cxb5 25. Qxb5 Bc8 26. Rae1 Bxe5 27. Rxe5 Rxe5 28. Qxe8+ Rxe8 29. Rxe8+ Qf8 30. Rxf8+ Kxf8
31. Bb3 Be6 32. f4 Ke7 33. Kf2 f6 34. Kf3 h5 35. g4 hxg4+ 36. hxg4 gxf4 37. Kxf4 b6 38. g5 fxg5+ 39. Kxg5 bxc5 40. dxc5 d4=
41. Kf4 d3 42. Ke3 Bxb3 43. axb3 Ke6 44. Kxd3 Kd5=
1/2-1/2

[Event "Boris Gelfand"]
[Site "SchemingMind.com"]
[Date "2012.06.07"]
[Round "-"]
[White "Uzi Mike"]
[Black "docjan"]
[Result "1-0"]
[WhiteCountry "USA"]
[BlackCountry "SWE"]
[WhiteElo "2401"]
[WhiteRD "83"]
[BlackElo "2282"]
[BlackRD "72"]
[GameID "311662"]

1. e4 c5 2. Nf3 Nc6 3. d4 cxd4 4. Nxd4 e5 5. Nb5 d6 6. c4 a6 7. N5c3 Nf6 8. Na3 Be6 9. Be2 Be7 10. O-O O-O
11. Be3 Rc8 12. Rc1 h6 13. Qd3 Nd7 14. Nc2 a5 15. Qd2 Nc5 16. Rcd1 Re8 17. Na3 Rc7 18. Nab5 Rd7 19. Qc1 b6 20. f3 Na7
21. Nxa7 Rxa7 22. Rd2 Bd7 23. Rfd1 Bc6 24. g3 Rd7 25. Bf1 Bg5 26. Nd5 Bxe3+ 27. Nxe3 Qf6 28. Nf5 Red8 29. Bh3 Kh7 30. Rc2 h5
31. Qe3 g6 32. Qh6+ Kg8 33. Nh4 Re7 34. Rcd2 a4 35. Nf5 Re6 36. Ne3 Re7 37. g4 Qf4 38. Qxf4 exf4 39. Ng2 g5 40. gxh5 Nb7
41. Ne1 Kh7 42. Nd3 Rc7 43. Nb4 Kh6 44. Bg4 Be8 45. Rd4 b5 46. cxb5 Bxb5 47. Kg2 Rc4 48. h4 Re8 49. Kh3 Rxd4 50. Rxd4 Bf1+
51. Kh2 Bb5 52. Nd5 Re5 53. Bc8 Na5 54. Nc7 Kg7 55. Bf5 Rc5 56. Nxb5 Rxb5 57. hxg5 Rxb2+ 58. Kh3
1-0

[Event "Boris Gelfand"]
[Site "SchemingMind.com"]
[Date "2012.11.23"]
[Round "-"]
[White "Uzi Mike"]
[Black "zeus"]
[Result "1/2-1/2"]
[WhiteCountry "USA"]
[BlackCountry "HUN"]
[WhiteElo "2392"]
[WhiteRD "80"]
[BlackElo "2494"]
[BlackRD "110"]
[GameID "321761"]

1. d4 Nf6 2. Nc3 d6 3. Nf3 Nbd7 4. e4 e5 5. Bc4 Be7 6. O-O O-O 7. Re1 c6 8. a4 a5 9. h3 Qc7 10. Be3 exd4
11. Nxd4 Re8 12. Nf3 Ne5 13. Nxe5 dxe5 14. Qd3 Bf8 15. Bg5 Nd7 16. Qg3 Nc5 17. Rad1 Be6 18. Be2 Kh8 19. Be3 Rad8 20. h4 Be7
21. h5 h6 22. Rf1 b6 23. Rxd8 Rxd8 24. Ra1 Nb7 25. Rd1 Rxd1+ 26. Nxd1 b5 27. Nc3 b4 28. Nb1 Nc5 29. Bxc5 Bxc5 30. Bg4 Bc4
31. Nd2 Ba6 32. Nf3 Bd6 33. Nh4 Be7 34. Nf5 Bg5 35. b3 Qb8 36. c4 Bxc4 37. bxc4 b3=
1/2-1/2

[Event "Boris Gelfand"]
[Site "SchemingMind.com"]
[Date "2012.11.23"]
[Round "-"]
[White "zeus"]
[Black "Uzi Mike"]
[Result "1-0"]
[WhiteCountry "HUN"]
[BlackCountry "USA"]
[WhiteElo "2519"]
[WhiteRD "109"]
[BlackElo "2413"]
[BlackRD "78"]
[GameID "321766"]

1. e4 e5 2. Nf3 Nc6 3. Bb5 a6 4. Ba4 d6 5. c3 Bd7 6. d4 Nf6 7. O-O Be7 8. Re1 O-O 9. h3 Re8 10. Bc2 Rb8
11. a3 Ra8 12. Be3 Qc8 13. Nbd2 a5 14. b3 b6 15. d5 Nd8 16. a4 Nb7 17. b4 c5 18. b5 Qc7 19. Nc4 Rf8 20. Nfd2 Rad8
21. Rf1 Be8 22. Qe2 Nh5 23. Qxh5 f5 24. Qe2 f4 25. Bd1 Rb8 26. Bxf4 Rxf4 27. g3 Rf6 28. Qd3 Bg6 29. Bg4 Rbf8 30. Qe2 Kh8
31. Ne3 Nd8 32. Nf5 Nf7 33. h4 Bxf5 34. Bxf5 Nh6 35. Bh3 Bd8 36. Nc4 Qe7 37. Be6 Rg6 38. Kh2 Rgf6 39. f3 Re8 40. Rf2 Nf7
41. Raf1 g5 42. hxg5 Nxg5 43. Bf5 Rg8 44. Kh1 Nf7 45. Rh2 Nh6 46. g4 Rg5 47. Rff2 Rg7 48. Rh5 Qc7 49. Ne3 Nf7 50. Rfh2 Ng5
51. Kg2 Rff7 52. Rh1 Qe7 53. Bc8 Qc7 54. Be6 Rf4 55. Bf5 Qe7 56. R5h2 Qc7 57. Rf1 Bf6 58. Kg1 Nf7 59. Ng2 Bg5 60. Rh5 h6
61. Nxf4 Bxf4 62. Be6 Nd8 63. Qc4 Rg6 64. Bf5 Rf6 65. Kg2 Nf7 66. Rfh1 Kg7 67. Qe2 c4 68. Qf2 Bg5 69. Kf1 Nd8 70. Rxg5+ hxg5
71. Rh7+
1-0